Palaeozoic geology of the Toronto-Hamilton area, Ontario, (Record no. 27735)

MARC details
000 -LEADER
fixed length control field 01123cam a22002891 4500
001 - CONTROL NUMBER
control field gs 41000128
003 - CONTROL NUMBER IDENTIFIER
control field DLC
005 - DATE AND TIME OF LATEST TRANSACTION
control field 20260227111347.0
008 - FIXED-LENGTH DATA ELEMENTS--GENERAL INFORMATION
fixed length control field 720309s1940 oncb b f000 0 eng
010 ## - LIBRARY OF CONGRESS CONTROL NUMBER
LC control number gs 41000128
035 ## - SYSTEM CONTROL NUMBER
System control number (OCoLC)259833
040 ## - CATALOGING SOURCE
Original cataloging agency DLC
Transcribing agency OAkU
Modifying agency NSbSU
-- DLC
042 ## - AUTHENTICATION CODE
Authentication code premarc
050 00 - LIBRARY OF CONGRESS CALL NUMBER
Classification number QE185
Item number .A2 no. 224
100 1# - MAIN ENTRY--PERSONAL NAME
Personal name Caley, John Fletcher,
Dates associated with a name 1905-
245 10 - TITLE STATEMENT
Title Palaeozoic geology of the Toronto-Hamilton area, Ontario,
Statement of responsibility, etc. by J.F. Caley.
260 ## - PUBLICATION, DISTRIBUTION, ETC.
Place of publication, distribution, etc. Ottawa,
Name of publisher, distributor, etc. J.O. Patenaude, printer to the King,
Date of publication, distribution, etc. 1940.
300 ## - PHYSICAL DESCRIPTION
Extent iv, 284 p.
Other physical details incl. tables. 2 fold. maps (in pocket)
Dimensions 25 cm.
490 1# - SERIES STATEMENT
Series statement Geological Survey of Canada. Memoir
Volume/sequential designation 224
500 ## - GENERAL NOTE
General note At head of title: Canada. Department of mines and resources. Mines and geology branch. Bureau of geology and topography. Geological survey.
500 ## - GENERAL NOTE
General note In lower right corner of t.p.: No.2456.
504 ## - BIBLIOGRAPHY, ETC. NOTE
Bibliography, etc. note Bibliography: p. 5-6.
650 #0 - SUBJECT ADDED ENTRY--TOPICAL TERM
Topical term or geographic name entry element Geology
Geographic subdivision Ontario.
650 #0 - SUBJECT ADDED ENTRY--TOPICAL TERM
Topical term or geographic name entry element Geology, Stratigraphic
Chronological subdivision Paleozoic.
650 #0 - SUBJECT ADDED ENTRY--TOPICAL TERM
Topical term or geographic name entry element Mines and mineral resources
Geographic subdivision Ontario.
830 #0 - SERIES ADDED ENTRY--UNIFORM TITLE
Uniform title Memoir (Geological Survey of Canada) ;
Volume/sequential designation 224

No items available.

Powered by Koha